| 000 | 00682nam a22002297a 4500 | ||
|---|---|---|---|
| 001 | 62341 | ||
| 003 | UA-OsUOA | ||
| 005 | 20220722220624.0 | ||
| 007 | ta | ||
| 008 | 20090819b un ||||| |||| 00| 0 ukr d | ||
| 040 |
_aUA-OsUOA _brus _cUA-OsUOA _dUA-OsUOA |
||
| 041 |
_arus _hМова оригіналу |
||
| 080 | _a821.161.1 | ||
| 090 |
_a821.161.1 _bК23 |
||
| 100 | _aКаринцева И. | ||
| 245 | _aДневник Анны Франк | ||
| 260 |
_aМ. _bИздательство иностранной литературы _c1960 |
||
| 300 | _a236 с. | ||
| 650 | 7 |
_a82 Література. Літературознавство _2UDC |
|
| 942 |
_cBK _2udc |
||
| 955 | _a3 | ||
| 999 |
_c348431 _d348431 |
||